Ooty Coimbatore (Record no. 294230)

MARC details
000 -LEADER
fixed length control field 00338nam a2200145Ia 4500
008 - FIXED-LENGTH DATA ELEMENTS--GENERAL INFORMATION
fixed length control field 230718s9999 xx 000 0 und d
041 ## - LANGUAGE CODE
Language code of text/sound track or separate title eng
082 ## - DEWEY DECIMAL CLASSIFICATION NUMBER
Classification number 658.54
Item number SUR
100 ## - MAIN ENTRY--PERSONAL NAME
Personal name Sura
9 (RLIN) 155992
245 ## - TITLE STATEMENT
Title Ooty Coimbatore
300 ## - PHYSICAL DESCRIPTION
Extent 24
365 ## - TRADE PRICE
Currency code Rs.
Price amount 12.00
700 ## - ADDED ENTRY--PERSONAL NAME
Personal name Sura
9 (RLIN) 155992
906 ## - LOCAL DATA ELEMENT F, LDF (RLIN)
d B:130504-Oct-1995
c OTH
b 2.4
Holdings
Withdrawn status Lost status Damaged status Not for loan Home library Current library Date acquired Vendor Budget Code Cost, normal purchase price Bill number Total Checkouts Full call number Barcode Date last seen Discount Cost, replacement price Bill Date Koha item type Original Barcode
        Cummins College of Engineering for Women Pune Cummins College of Engineering for Women Pune 13/10/1995 Mehul Book Depot OTH 9.60 1305   658.54 CCEP-BK-5435 18/07/2023 2.4 12.00 04/10/1995 Books 005435